000 00500nam a22001937a 4500
999 _c6260
_d6260
003 OSt
005 20190828105626.0
008 190828b ||||| |||| 00| 0 eng d
020 _a0716742292
040 _cDDC
082 _a512.02 BLA 2002
100 _4Bland, Paul E.
245 _aThe basics of Abstract Algebra
260 _aNew York;
_bW.H.Freeman,
_c2002
300 _axv,598p;
_bill:
_c24cm
504 _aAppendix, & index included
650 _aAbstract algebra
_98592
942 _2z
_cB_BANK